Glimpses in plant growth.V VIII. Aspects of energy and environment studies (Record no. 353504)
[ view plain ]
| 000 -LEADER | |
|---|---|
| fixed length control field | 004750000a22001570004500 |
| 060 ## - NATIONAL LIBRARY OF MEDICINE CALL NUMBER | |
| Classification number | 100 |
| 082 ## - DEWEY DECIMAL CLASSIFICATION NUMBER | |
| Classification number | 581.072 GLIL.07 |
| 100 ## - MAIN ENTRY--PERSONAL NAME | |
| Personal name | Nair, P K K |
| 245 ## - TITLE STATEMENT | |
| Title | Glimpses in plant growth.V VIII. Aspects of energy and environment studies |
| 260 ## - PUBLICATION, DISTRIBUTION, ETC. (IMPRINT) | |
| Place of publication, distribution, etc. | New Delhi, Today & Tomorrow s printers & Publishers |
| 260 ## - PUBLICATION, DISTRIBUTION, ETC. (IMPRINT) | |
| Date of publication, distribution, etc. | 1986 |
| 300 ## - PHYSICAL DESCRIPTION | |
| Extent | 202 |
| 490 ## - SERIES STATEMENT | |
| Series statement | Aspects of energy and environment studies.V.7 |
| 650 ## - SUBJECT ADDED ENTRY--TOPICAL TERM | |
| Topical term or geographic name as entry element | Research/ Plant Resins/ Micropropagation |
| 942 ## - ADDED ENTRY ELEMENTS (KOHA) | |
| Koha item type | Books (General) |
| Withdrawn status | Lost status | Damaged status | Not for loan | Home library | Current library | Date acquired | Total Checkouts | Full call number | Barcode | Date last seen | Price effective from | Koha item type |
|---|---|---|---|---|---|---|---|---|---|---|---|---|
| College of Agriculture, Vellayani | College of Agriculture, Vellayani | 02/05/2014 | 581.072 GLIL.07 | KAU_COAV-22577 | 02/05/2014 | 02/05/2014 | Books (General) |
